MID: douze ans dans les services diplomatiques du Kremlin

Gespeichert in:  
Bibliographische Detailangaben
1. VerfasserIn: Poljanskij, Nikolaj Nikolaevič 1939- (Verfasst von)
Medienart: Druck Buch
Sprache:Französisch
Veröffentlicht: Paris Belfond 1984
In:Jahr: 1984
Bestand in Tübingen:In Tübingen vorhanden.
UB: KB 18 A 4218
Verfügbarkeit prüfen: HBZ Gateway
Subito Bestelldienst: Jetzt bestellen.

MARC

LEADER 00000cam a2200000 c 4500
001 040189988
003 DE-627
005 20241101213631.0
007 tu
008 881103s1984 xx ||||| 00| ||fre c
010 |a  85106497  
020 |a 2714417043  |9 2-7144-1704-3 
035 |a (DE-627)040189988 
035 |a (DE-576)016617304 
035 |a (DE-599)GBV040189988 
035 |a (OCoLC)158600350 
035 |a (OCoLC)15316658 
040 |a DE-627  |b ger  |c DE-627  |e rakwb 
041 |a fre 
082 0 |a 354.470089/2 
084 |a 3,6  |2 ssgn 
100 1 |8 1\p  |a Poljanskij, Nikolaj Nikolaevič  |d 1939-  |0 (DE-588)111498678  |0 (DE-627)505573857  |0 (DE-576)289704235  |4 aut 
109 |a Poljanskij, Nikolaj Nikolaevič 1939-  |a Poljanskij, Nikolaj 1939-  |a Poljanskij, Nikolaj N. 1939-  |a Poljanskij, N. N. 1939-  |a Poljanski, Nikolai 1939-  |a Poljanski, Nikolai N. 1939-  |a Polianski, Nikolaĭ 1939-  |a Poljanski, Nicolai 1939-  |a Poljansky, Nicolai N. 1939-  |a Polianskĭ, Nicolas 1939-  |a Polianskiĭ, N. N. 1939-  |a Polianskiĭ, Nikolaĭ Nikolaevich 1939-  |a Polianskij, Nikolai 1939- 
245 1 0 |a MID  |b douze ans dans les services diplomatiques du Kremlin  |c Nicolas Polianski 
264 1 |a Paris  |b Belfond  |c 1984 
300 |a 345 S. 
336 |a Text  |b txt  |2 rdacontent 
337 |a ohne Hilfsmittel zu benutzen  |b n  |2 rdamedia 
338 |a Band  |b nc  |2 rdacarrier 
500 |a Aus d. russ. Ms. übers 
583 1 |a Massenentsäuert  |c 2011  |2 pdager  |5 DE-18 
883 |8 1\p  |a cgwrk  |d 20241001  |q DE-101  |u https://d-nb.info/provenance/plan#cgwrk 
951 |a BO 
ELC |b 1 
LOK |0 000 xxxxxcx a22 zn 4500 
LOK |0 001 3305930519 
LOK |0 003 DE-627 
LOK |0 004 040189988 
LOK |0 005 20151027134902 
LOK |0 008 881103||||||||||||||||ger||||||| 
LOK |0 040   |a DE-21  |c DE-627  |d DE-21 
LOK |0 852   |a DE-21 
LOK |0 852 1  |c KB 18 A 4218  |9 00 
LOK |0 935   |a krim 
LOK |0 939   |a 03-11-88  |b l01 
ORI |a SA-MARC-krimdoka001.raw 
SIG |a UB: KB 18 A 4218